Pokémon - Attacken von Glurak in KA/PU - Statistiken

Allgemein
  • Dieses Quiz wurde 15 mal gespielt
  • Das Durchschnittsergebnis liegt bei 24 aus 76
Antwortstatistiken
Antwort % Korrekt
Glut
100%
Flammenwurf
92%
Heuler
92%
Kratzer
85%
Aero-Ass
69%
Drachenklaue
69%
Feuerwirbel
69%
Fliegen
69%
Biss
62%
Feuersturm
62%
Feuerodem
54%
Knirscher
54%
Schlitzer
54%
Drachentanz
46%
Feuerzahn
46%
Luftschnitt
46%
Metallklaue
46%
Sonnentag
46%
Bodycheck
38%
Drachenrute
38%
Erdbeben
38%
Feuerschlag
38%
Flammenblitz
38%
Hitzewelle
38%
Lohekanonade
38%
Rauchwolke
38%
Windschnitt
38%
Drachenpuls
31%
Felsgrab
31%
Feuersäulen
31%
Grimasse
31%
Hitzekoller
31%
Inferno
31%
Irrlicht
31%
Solarstrahl
31%
Steinhagel
31%
Donnerschlag
23%
Drachenstoß
23%
Durchbruch
23%
Eisenschweif
23%
Fokusstoß
23%
Hyperstrahl
23%
Risikotackle
23%
Schaufler
23%
Schutzschild
23%
Schwerttanz
23%
Bodyslam
15%
Brandsand
15%
Breitseite
15%
Drachenschrei
15%
Dunkelklaue
15%
Erholung
15%
Frustflamme
15%
Gigastoß
15%
Konter
15%
Nitroladung
15%
Orkan
15%
Sternschauer
15%
Tera-Ausbruch
15%
Wutanfall
15%
Akrobatik
8%
Antik-Kraft
8%
Ausdauer
8%
Bauchtrommel
8%
Brandstempel
8%
Brüller
8%
Dampfwalze
8%
Delegator
8%
Fassade
8%
Meteorologe
8%
Power-Punch
8%
Rechte Hand
8%
Sandsturm
8%
Schlafrede
8%
Schleuder
8%
Trugschlag
8%
Keine übereinstimmenden Quizze gefunden
Verteilung der Resultate
Anzahl Personen mit jedem Resultat
Perzentil nach korrekt beantworteten Fragen
Ihre Resultats-Entwicklung
Sie haben dieses Quiz noch nicht gespielt